GANONG'S REVIEW OF MEDICAL PHYSIOLOGY (Record no. 8469)

MARC details
000 -LEADER
fixed length control field 00338nam a22001457a 4500
003 - CONTROL NUMBER IDENTIFIER
control field SGT
082 ## - DEWEY DECIMAL CLASSIFICATION NUMBER
Classification number 612
Item number G16B
100 ## - MAIN ENTRY--PERSONAL NAME
Personal name BARRETT, KIME AND BOITANO
245 ## - TITLE STATEMENT
Title GANONG'S REVIEW OF MEDICAL PHYSIOLOGY
250 ## - EDITION STATEMENT
Edition statement 25TH
260 ## - PUBLICATION, DISTRIBUTION, ETC. (IMPRINT)
Place of publication, distribution, etc VARANASI
Name of publisher, distributor, etc MC GRAW HILL EDUCATION
Year of Publication 2016
300 ## - PAGE DESCRIPTION
No. of Pages 750
650 ## - SUBJECT ADDED ENTRY--TOPICAL TERM
Topical term or geographic name as entry element PHYSIOLOGY
942 ## - ADDED ENTRY ELEMENTS (KOHA)
Source of classification or shelving scheme Dewey Decimal Classification
Koha item type Books
Holdings
Withdrawn status Lost status Source of classification or shelving scheme Damaged status Use restrictions Not for loan Collection code Home library Current library Shelving location Date acquired Vendor Name Cost, normal purchase price SGTU Bill Number Full call number Accession No. (Barcode) Date last seen Bill Date Koha item type
    Dewey Decimal Classification   Restricted Access   AYURVEDA SGT FA-FP Library SGT FA-FP Library Reference Book 16/03/2016 AHUJA 1050.00 SGTU 6404 612 G16B FA3676 16/03/2016 22/12/2015 Books
    Dewey Decimal Classification   Restricted Access   AYURVEDA SGT FA-FP Library SGT FA-FP Library Reference Book 16/03/2016 AHUJA 1050.00 SGTU 6404 612 G16B FA3677 16/03/2016 22/12/2015 Books
    Dewey Decimal Classification   Restricted Access   AYURVEDA SGT FA-FP Library SGT FA-FP Library Reference Book 16/03/2016 AHUJA 1050.00 SGTU 6404 612 G16B FA3678 16/03/2016 22/12/2015 Books
    Dewey Decimal Classification   Restricted Access   AYURVEDA SGT FA-FP Library SGT FA-FP Library Reference Book 16/03/2016 AHUJA 1050.00 SGTU 6404 612 G16B FA3679 16/03/2016 22/12/2015 Books
    Dewey Decimal Classification   Restricted Access   AYURVEDA SGT FA-FP Library SGT FA-FP Library Reference Book 16/03/2016 AHUJA 1050.00 SGTU 6404 612 G16B FA3680 16/03/2016 22/12/2015 Books